Very Difficult Flags #12 - Statistics

General Stats
  • This quiz has been taken 78 times
  • The average score is 6 of 16
Answer Stats
Picture Answer % Correct
Micronesia
92%
Maldives
87%
Aruba
82%
Lesbian
50%
French Southern and Antarctic Lands
42%
Turks and Caicos Islands
38%
Berber
35%
Fascist Italy
35%
Midway
35%
Assyria
30%
Manitoba
30%
Lisbon
22%
Svalbard
18%
Tang Dynasty
13%
Antwerp
5%
San Antonio
5%
No matching quizzes found
Score Distribution
Percent of People with Each Score
Percentile by Number Answered
Your Score History
You have not taken this quiz